• 首页
  • 本馆介绍
  • 公告通知
  • 最新文献
  • 馆藏检索
  • 电子资源
  • 读者导购
  • 参考咨询
  • 我的图书馆
  • 登录
  • 详细信息显示
  • 放入我的书架
  • 预约/预借图书
  • 作者相关作品
  • 分类相关作品
  • 丛书相关作品
  • 出版社相关作品

书目信息

  • 表格格式
  • 工作单格式
  • 卡片格式
题名:
中国页岩气开发环境影响评价和监管制度研究
    
 
作者: 刘小丽 著
分册:  
出版信息: 北京   中国经济出版社  2016.12
页数: 287页
开本: 24cm
丛书名:
单 册:
中图分类: X822.5 , P618.130.8
科图分类:
主题词: 油页岩--油气田开发--环境影响--研究--中国 , 采矿地质学 , 矿床
电子资源:
ISBN: 978-7-5136-4343-6
000 01348nam0 2200289 450
001 3680
005 20181008130151.52
010    @a978-7-5136-4343-6@dCNY68.00
100    @a20170905e2016 em y0chiy50 ea
101 0  @achi
102    @aCN@b110000
105    @ay z 000yy
200 1  @a中国页岩气开发环境影响评价和监管制度研究@9zhong guo ye yan qi kai fa huan jing ying xiang ping jia he jian guan zhi du yan jiu@dEnvironmental impact assessment of shale gas exploitation and its environment regulatory framework in China@f刘小丽[等]著@zeng
210    @a北京@c中国经济出版社@d2016.12@h2017重印
215    @a287页@d24cm
300    @a非常规能源研究成果系列
330    @a本书系统探究页岩气开发的环境风险及控制策略这一重大问题,较为系统地评估了中国页岩气开发过程中可能面临的环境风险,并提出中国页岩气环境监管制度体系的政策建议。
510 1  @aEnvironmental impact assessment of shale gas exploitation and its environment regulatory framework in China@zeng
510 1  @aEnvironmental impact assessment of shale gas exploitation and its environmental regulation in China@zeng
606 0  @a油页岩@x油气田开发@x环境影响@x研究@y中国
606 0  @a采矿地质学
606 0  @a矿床
690    @aX822.5@v5
690    @aP618.130.8@v4
701  0 @a刘小丽@9liu xiao li@c(女)@4著
801  0 @aCN@b91MARC@c20170905
905    @aMuseLib@dP618.130.8@e81
    
    中国页岩气开发环境影响评价和监管制度研究=Environmental impact assessment of shale gas exploitation and its environment regulatory framework in China/刘小丽[等]著.-北京:中国经济出版社,2016.12(2017重印)
    287页;24cm
    非常规能源研究成果系列
    
    ISBN 978-7-5136-4343-6:CNY68.00
    本书系统探究页岩气开发的环境风险及控制策略这一重大问题,较为系统地评估了中国页岩气开发过程中可能面临的环境风险,并提出中国页岩气环境监管制度体系的政策建议。
●
相关链接 在E读中查询图书 在五车中查询图书 在当当中查询图书 在豆瓣中查询图书


正题名:中国页岩气开发环境影响评价和监管制度研究     索取号:P618.130.8/81         预约/预借

序号 登录号 条形码 馆藏地/架位号 状态 备注
1 1123192   211231923   第二样本阅览室/ [索取号:P618.130.8/81] 在馆    
2 1123193   211231932   第三借阅区/ [索取号:P618.130.8/81] 在馆    
3 1123194   211231941   第三借阅区/ [索取号:P618.130.8/81] 在馆    
4 1123195   211231950   第三借阅区/ [索取号:P618.130.8/81] 在馆    
5 1123196   211231969   密集书库-资源管理系/ [索取号:P618.130.8/81] 在馆    
唐山师范学院图书馆 欢迎您!
大连网信软件有限公司© 版权所有